| 000 | 00442nam a2200181Ia 4500 | ||
|---|---|---|---|
| 001 | 15057 | ||
| 005 | 20260306165000.0 | ||
| 008 | 260306t2013||||xx |||||||||||||| ||spa|| | ||
| 041 | _aESP | ||
| 082 |
_a526.9 _bS21 |
||
| 100 |
_aSanjosé Blasco, José Juan de _eAUT |
||
| 245 | 0 | _aTopografía para estudios de grado | |
| 260 | _c2013 | ||
| 300 |
_a442 páginas : _c24 cm. |
||
| 650 | _aGEN | ||
| 654 | _aCIC | ||
| 942 |
_cLIB _dJUS _fJUS _2ddc _n |
||
| 999 |
_c15057 _d15057 |
||